000 00435nam a2200193 a 4500
001 1754983873773
003 ACL
005 20250812130357.0
008 250812s2010##################000#0#eng##
020 _a9781846380587
082 0 4 _a709
_bROE
100 1 _aRoelstraete, Dieter,
_eauthor.
245 1 0 _aRichard Long :
260 _c2010.
300 _a86 pages
650 0 _aArt.
942 _cENGLISH
040 _aACL
_beng
_cACL
999 _c581198
_d581198